000 00562nam a2200193Ia 4500
005 20250508163730.0
008 008 250505s9999 xx 000 0 eng d
020 _a81-86565-22-1
037 _aTextual
040 _aFEDL
_beng
_cFEDL
041 _aeng
_2eng
084 _a371.39, PAN
_qFEDL
100 _aPandey K. P.
_9772242
245 0 _aModern concepts of teaching behaviour
260 _aDelhi, India
_bAnamika Publishers and Distributors (P) Ltd
_c1997
300 _a342p.
942 _cTEXL
_h371.39, PAN
999 _c1384949
_d1384949